Religion in United Kingdom - Statistics

General Stats
  • This quiz has been taken 90 times
  • The average score is 6 of 9
Answer Stats
Percentage Religion % Correct
4.4% Islam
96%
59.5% Christianity
83%
1.3% Hinduism
80%
0.4% Judaism
79%
0.4% Buddhism
78%
0.7% Sikhism
59%
25.7% No Religion
44%
7.2% Unknown
23%
0.4% Other Religions
16%
No matching quizzes found
Score Distribution
Percent of People with Each Score
Percentile by Number Answered
Your Score History
You have not taken this quiz